Výživa a zdravie časopis pre zdravú výživu
Saved in:
| Format: | Serial |
|---|---|
| Language: | Slovak |
| Published: |
Bratislava
Slovenská spoločnosť pre výživu
|
| Subjects: | |
| Tags: |
No Tags, Be the first to tag this record!
|
MARC
| LEADER | 00000nas1a2200000 4500 | ||
|---|---|---|---|
| 001 | s120035 | ||
| 005 | 20250721102919.4 | ||
| 022 | |a 0042-9406 | ||
| 041 | 0 | |a slo | |
| 044 | |a SK | ||
| 245 | 1 | 0 | |a Výživa a zdravie |b časopis pre zdravú výživu |
| 264 | 1 | |a Bratislava |b Slovenská spoločnosť pre výživu | |
| 610 | 2 | 0 | |a zdravie |
| 610 | 2 | 0 | |a výživa |